Rangīniyān̲ / (Record no. 56908)
[ view plain ]
| 000 -LEADER | |
|---|---|
| fixed length control field | 00539cam a22001931 4500 |
| 001 - CONTROL NUMBER | |
| control field | sa 64001743 |
| 003 - CONTROL NUMBER IDENTIFIER | |
| control field | DLC |
| 005 - DATE AND TIME OF LATEST TRANSACTION | |
| control field | 20260227112004.0 |
| 008 - FIXED-LENGTH DATA ELEMENTS--GENERAL INFORMATION | |
| fixed length control field | 950627s1961 ii af 000 0 urdo |
| 010 ## - LIBRARY OF CONGRESS CONTROL NUMBER | |
| LC control number | sa 64001743 |
| 040 ## - CATALOGING SOURCE | |
| Original cataloging agency | DLC |
| Transcribing agency | DLC |
| 050 00 - LIBRARY OF CONGRESS CALL NUMBER | |
| Classification number | PK2200.S43191655 |
| Item number | R36 1961 |
| 100 0# - MAIN ENTRY--PERSONAL NAME | |
| Personal name | Shakīl Badāyūnī, |
| Dates associated with a name | 1916-1970. |
| 245 10 - TITLE STATEMENT | |
| Title | Rangīniyān̲ / |
| Statement of responsibility, etc. | [Shakīl Badāyūnī]. |
| 260 ## - PUBLICATION, DISTRIBUTION, ETC. | |
| Place of publication, distribution, etc. | Lāhaur : |
| Name of publisher, distributor, etc. | Nayā Idārah, |
| Date of publication, distribution, etc. | 1961. |
| 300 ## - PHYSICAL DESCRIPTION | |
| Extent | 152 p., [1] leaf of plates : |
| Other physical details | ill. ; |
| Dimensions | 23 cm. |
| 500 ## - GENERAL NOTE | |
| General note | Poems. |
| 546 ## - LANGUAGE NOTE | |
| Language note | In Urdu. |
No items available.